| 000 | 01126nam a22003497a 4500 | ||
|---|---|---|---|
| 001 | 0043071 | ||
| 003 | KOHA_MİRAKIL | ||
| 005 | 20260207003335.0 | ||
| 007 | ta | ||
| 008 | 130730b2012 tu a|||gr||||#||||0|tur | | ||
| 020 | _a9786053992547 | ||
| 040 |
_aTR-BiSEU _btur _cTR-BiSEU _erda |
||
| 041 | 0 | _atur | |
| 044 | _ctu | ||
| 050 |
_aHG1206.5 _b.Y39 2012 |
||
| 100 | 1 | _aYay, Gülsün Gürkan. | |
| 245 | 1 |
_aPara ve finans : _bteori - politika/ _cGülsün Gürkan Yay ; Gülsün Gürkan Yay . |
|
| 264 | 1 |
_aİstanbul : _bİstanbul Bilgi Üniversitesi _c2012 |
|
| 300 |
_aXVIII, 574 sayfa : _bresimli ; _c24 cm. |
||
| 336 |
_ametin _btxt _2rdacontent |
||
| 337 |
_aaracısız _bn _2rdamedia |
||
| 338 |
_acilt _bnc _2rdacarrier |
||
| 490 | 1 |
_aİstanbul bilgi üniversitesi yayınları ; _v399. |
|
| 490 | 1 |
_aFinans ; _v16. |
|
| 500 | _aDizin var. | ||
| 500 | _aKaynakça var. | ||
| 650 | 0 |
_aPara politikası--Türkiye. _98340 |
|
| 650 | 0 |
_aBankalar ve bankacılık--Türkiye. _98341 |
|
| 830 | 1 |
_aİstanbul bilgi üniversitesi yayınları ; _v399. _980146 |
|
| 830 | 1 |
_aFinans ; _v16. _980147 |
|
| 942 |
_2lcc _cBK |
||
| 999 |
_c42893 _d42893 |
||